| 000 | 00463nam a22001457a 4500 | ||
|---|---|---|---|
| 082 | _a621.39 | ||
| 100 | _aAkhtar, Hassan | ||
| 245 |
_aClassification of MRCP Based Task Parameters by _cHassan Akhtar. |
||
| 260 |
_aIslamabad: _bCEME - NUST, _c2016. |
||
| 300 |
_a57 p. : _bill. ; _c30cm. |
||
| 650 |
_aComputer System Engineering MS-Thesis. _916541 |
||
| 700 |
_aDr. Ali Hassan _916058 |
||
| 942 |
_2ddc _cTHE |
||
| 999 |
_c536487 _d536487 |
||